| 000 | 00000nam 2200000zi 4500 |
| 001 | 9.933096 |
| 003 | CaOODSP |
| 005 | 20240202142643 |
| 006 | m o d f |
| 007 | cr mn||||||||| |
| 008 | 240130e201802 onc ob f000 0 eng d |
| 040 | |aCaOODSP|beng|erda|cCaOODSP |
| 043 | |an-cn--- |
| 045 | |ay1y1 |
| 086 | 1 |aD2-661/2018E-PDF |
| 245 | 00|aFollow-up on audit of human resources service levels. |
| 264 | 1|a[Ottawa] : |bNational Defence = Défense nationale, |cFebruary 2018. |
| 300 | |a1 online resource (4, 1, 1, 4 pages) |
| 336 | |atext|btxt|2rdacontent |
| 337 | |acomputer|bc|2rdamedia |
| 338 | |aonline resource|bcr|2rdacarrier |
| 500 | |aIssued also in French under title: Suivi sur l'audit des niveaux de service des ressources humaines. |
| 500 | |a"Reviewed by ADM(RS) in accordance with the Access to Information Act. Information UNCLASSIFIED." |
| 500 | |a"1259-3-0021(ADM(RS))." |
| 504 | |aIncludes bibliographical references. |
| 610 | 10|aCanada. |bDepartment of National Defence|xPersonnel management|xAuditing. |
| 610 | 10|aCanada. |bCanadian Armed Forces|xPersonnel management|xAuditing. |
| 710 | 1 |aCanada. |bDepartment of National Defence. |bAssistant Deputy Minister (Review Services), |eissuing body. |
| 775 | 08|tSuivi sur l'audit des niveaux de service des ressources humaines.|w(CaOODSP)9.933385 |
| 856 | 40|qPDF|s155 KB|uhttps://publications.gc.ca/collections/collection_2024/mdn-dnd/D2-661-2018-eng.pdf |
| 856 | 4 |qHTML|sN/A|uhttps://www.canada.ca/en/department-national-defence/corporate/reports-publications/audit-evaluation/follow-up-audit-human-resources-service-levels.html |